<?xml version="1.0" encoding="UTF-8"?><?xml-stylesheet type="text/xsl" href="static/style.xsl"?><OAI-PMH xmlns="http://www.openarchives.org/OAI/2.0/" xmlns:xsi="http://www.w3.org/2001/XMLSchema-instance" xsi:schemaLocation="http://www.openarchives.org/OAI/2.0/ http://www.openarchives.org/OAI/2.0/OAI-PMH.xsd"><responseDate>2026-06-01T14:55:11Z</responseDate><request verb="GetRecord" identifier="oai:riuma.uma.es:10630/29440" metadataPrefix="marc">https://riuma.uma.es/rest/oai/request</request><GetRecord><record><header><identifier>oai:riuma.uma.es:10630/29440</identifier><datestamp>2026-02-03T10:51:33Z</datestamp><setSpec>com_10630_2254</setSpec><setSpec>col_10630_37953</setSpec></header><metadata><record xmlns="http://www.loc.gov/MARC21/slim" xmlns:dcterms="http://purl.org/dc/terms/" xmlns:doc="http://www.lyncode.com/xoai" xmlns:xsi="http://www.w3.org/2001/XMLSchema-instance" xsi:schemaLocation="http://www.loc.gov/MARC21/slim http://www.loc.gov/standards/marcxml/schema/MARC21slim.xsd">
   <leader>00925njm 22002777a 4500</leader>
   <datafield ind2=" " ind1=" " tag="042">
      <subfield code="a">dc</subfield>
   </datafield>
   <datafield ind2=" " ind1=" " tag="720">
      <subfield code="a">Jimenez Lopez, Manuel</subfield>
      <subfield code="e">author</subfield>
   </datafield>
   <datafield ind2=" " ind1=" " tag="720">
      <subfield code="a">Alvero-Cruz, José Ramón</subfield>
      <subfield code="e">author</subfield>
   </datafield>
   <datafield ind2=" " ind1=" " tag="720">
      <subfield code="a">Solla, Juan</subfield>
      <subfield code="e">author</subfield>
   </datafield>
   <datafield ind2=" " ind1=" " tag="720">
      <subfield code="a">Garcia Bastida, Jorge</subfield>
      <subfield code="e">author</subfield>
   </datafield>
   <datafield ind2=" " ind1=" " tag="720">
      <subfield code="a">García Coll, Virginia</subfield>
      <subfield code="e">author</subfield>
   </datafield>
   <datafield ind2=" " ind1=" " tag="720">
      <subfield code="a">Rivilla, Iván</subfield>
      <subfield code="e">author</subfield>
   </datafield>
   <datafield ind2=" " ind1=" " tag="720">
      <subfield code="a">Ruiz, Enrique</subfield>
      <subfield code="e">author</subfield>
   </datafield>
   <datafield ind2=" " ind1=" " tag="720">
      <subfield code="a">García-Romero, Jerónimo</subfield>
      <subfield code="e">author</subfield>
   </datafield>
   <datafield ind2=" " ind1=" " tag="720">
      <subfield code="a">Carnero, Elvis A.</subfield>
      <subfield code="e">author</subfield>
   </datafield>
   <datafield ind2=" " ind1=" " tag="720">
      <subfield code="a">Clemente-Suárez, Vicente Javier</subfield>
      <subfield code="e">author</subfield>
   </datafield>
   <datafield ind2=" " ind1=" " tag="260">
      <subfield code="c">2020-01</subfield>
   </datafield>
   <datafield ind2=" " ind1=" " tag="520">
      <subfield code="a">This study aimed to analyze the modulating effect of competition seriousness and competition level in the testosterone and cortisol responses in professional soccer player. Ninety five (95) soccer players were included in this study (professional, n = 39; semiprofessional, n = 27; amateur, n = 29) before and after training, friendly game and official games. Repeated measures ANOVA showed higher testosterone levels (F(1,89) = 134, p &lt; 0.0001, η2p = 0.75) in professional soccer players, when compared with semiprofessional (p &lt; 0.0001) or amateur athletes (p &lt; 0.0001). After winning a competition game an increase in testosterone levels was observed in professionals (t = −3.456, p &lt; 0.001), semiprofessionals (t = −4.400, p &lt; 0.0001), and amateurs (t = −2.835, p &lt; 0.009). In contrast, this momentary hormonal fluctuation was not observed after winning a friendly game or during a regular training day. Additionally, statistical analysis indicated that cortisol levels were lower in professional (t = −3.456, p &lt; 0.001) and semiprofessional athletes (t = −4.400, p &lt; 0.0001) than in amateurs (t = −2.835, p &lt; 0.009). In soccer players a rise in testosterone was only observable when the team was faced with an actual challenge but did not support a different response between categories. Thus, the desire to achieve a goal (and keep the social status) may be one of the key reasons why testosterone levels rise promptly. Conversely, testosterone did not change after friendly games, which suggests these situations are not real goals and the players do not perceive an actual threat (in terms of dominance) more than the preparation for their next competitive game. © 2020 by the authors. Licensee MDPI, Basel, Switzerland.</subfield>
   </datafield>
   <datafield ind1="8" ind2=" " tag="024">
      <subfield code="a">Jiménez, M.; Alvero-Cruz, J.R.; Solla, J.; García-Bastida, J.; García-Coll, V.; Rivilla, I.; Ruiz, E.; García-Romero, J.; Carnero, E.A.; Clemente-Suárez, V.J. Competition Seriousness and Competition Level Modulate Testosterone and Cortisol Responses in Soccer Players. Int. J. Environ. Res. Public Health 2020, 17, 350. https://doi.org/10.3390/ijerph17010350</subfield>
   </datafield>
   <datafield ind1="8" ind2=" " tag="024">
      <subfield code="a">https://hdl.handle.net/10630/29440</subfield>
   </datafield>
   <datafield ind1="8" ind2=" " tag="024">
      <subfield code="a">10.3390/ijerph17010350</subfield>
   </datafield>
   <datafield tag="653" ind2=" " ind1=" ">
      <subfield code="a">Testosterona</subfield>
   </datafield>
   <datafield tag="653" ind2=" " ind1=" ">
      <subfield code="a">Cortisol</subfield>
   </datafield>
   <datafield ind2="0" ind1="0" tag="245">
      <subfield code="a">Competition seriousness and competition level modulate testosterone and cortisol responses in soccer players</subfield>
   </datafield>
</record>
</metadata></record></GetRecord></OAI-PMH>